000
00206nam a22000857a 4500
008
170601b xxu||||| |||| 00| 0 eng d
100
_9
3203
_a
Agarwal. D
245
_a
The Toy House
260
_a
New Delhi
_b
CBT
_c
2003
999
_c
6515
_d
6515